| 000 | 01852nam0a2200325 i 4500 | ||
|---|---|---|---|
| 001 | RU\NLR\bibl\1900905 | ||
| 005 | 20260405105711.0 | ||
| 010 |
_a9785820002397 _9500 |
||
| 021 |
_aRU _b2012-28408 _92110 |
||
| 035 | _a(NLR Aleph) 001890536 | ||
| 090 |
_a2913668 _c2913668 |
||
| 100 | _a20120510d2011 k y0rusy50 ca | ||
| 101 | 0 | _arus | |
| 102 | _aRU | ||
| 105 | _aa ||||||||| | ||
| 200 | 1 |
_aПервые _e(к 80-летию БГСХА им. В.Р. Филиппова) _eмонография _fЛ.А. Зайцева, Н.В. Тумурхонова, Л.Р. Зангеева _gМ-во сел. хоз-ва РФ, ФГБОУ ВПО "Бурят. гос. с.-х. акад. им. В.Р. Филиппова", Каф. истории |
|
| 210 |
_aУлан-Удэ _cИзд-во БГСХА _d2011 |
||
| 215 |
_a463 с., [16] л. ил., портр., факс. _cил., факс. _d21 |
||
| 320 | _aБиблиогр. в тексте | ||
| 601 | 0 | 2 |
_aБурятская государственная сельскохозяйственная академия им. В.Р. Филиппова _cУлан-Удэ, город _xИстория _92474998 _3RU\NLR\auth\661469659 |
| 686 | _aП.е(2)л12 | ||
| 700 | 1 |
_4070 _8rus _7ca _aЗайцева _bЛ. А. _cд-р ист. наук _gЛюбовь Алексеевна _3RU\NLR\auth\7740983 _923934 |
|
| 701 | 1 |
_aТумурхонова _bН. В. _gНина Васильевна _4070 |
|
| 701 | 1 |
_aЗангеева _bЛ. Р. _gЛюбовь Робертовна _4070 |
|
| 801 | 0 |
_aRU _bNLR _c20120510 _gRCR |
|
| 801 | 1 |
_aRU _bNLR _c20120510 |
|
| 830 | _aАвт. по кн. | ||
| 942 | _cBOOK | ||
| 980 | _aNBR | ||